• 首页
  • 本馆介绍
  • 公告通知
  • 最新文献
  • 馆藏检索
  • 电子资源
  • 读者导购
  • 参考咨询
  • 我的图书馆
  • 登录
  • 详细信息显示
  • 放入我的书架
  • 预约/预借图书
  • 作者相关作品
  • 分类相关作品
  • 丛书相关作品
  • 出版社相关作品

书目信息

  • 表格格式
  • 工作单格式
  • 卡片格式
题名:
景观都市主义
    
 
作者: 瓦尔德海姆 著 ;陈崇贤 , 夏宇 译
分册:  
出版信息: 南京   江苏凤凰科学技术出版社  2018
页数: 251页
开本: 23cm
丛书名: 景观设计经典译丛
单 册:
中图分类: TU-856 , TU986.2
科图分类:
主题词: 城市景观--Cheng shi jing guan--环境设计
电子资源:
ISBN: 978-7-5537-8968-2
000 01427cam 2200337 450
001 012001000651
005 20131106142834.0
010    @a978-7-5537-8968-2@dCNY69.00
099    @aCAL 012018063934
100    @a20180413d2018 em y0chiy50 ea
101 1  @achi@ceng
102    @aCN@b320000
105    @aa z 000yy
106    @ar
200 1  @a景观都市主义@Ajing guan dou fu zhu yi@e从起源到演变@d= Landscape as urbanism@eorigins and evolution@f(美) 查尔斯·瓦尔德海姆著@g陈崇贤, 夏宇译@zeng
210    @a南京@c江苏凤凰科学技术出版社@d2018
215    @a251页@c图@d23cm
225 2  @a景观设计经典译丛@Ajing guan she ji jing dian yi cong@v1
314    @a查尔斯·瓦尔德海姆, 是一位加拿大美裔建筑师和城市规划师。
330    @a本书为景观设计领域的研究提供了一本专题论著, 它在一系列广泛的历史、理论以及文化的背景条件下探究景观都市主义产生的驱动力。全书由9章组成, 其主要内容包括: 视景观为都市主义 ; 自主性, 不确定性, 自组织等。
410  0 @12001 @a景观设计经典译丛@v1
500 10 @aLandscape as urbanism : origins and evolution@mChinese
517 1  @a从起源到演变@Acong qi yuan dao yan bian
606 0  @a城市景观@ACheng shi jing guan@x环境设计
690    @aTU-856@v5
690    @aTU986.2@v5
701  1 @a瓦尔德海姆@Awa er de hai mu@g(Waldheim, Charles)@4著
702  0 @a陈崇贤@Achen chong xian@4译
702  0 @a夏宇@Axia yu@4译
801  0 @aCN@b北京卓展文化@c20191020
905    @b1196573-6@dTU-856@e887@f4
    
    景观都市主义:从起源到演变= Landscape as urbanism:origins and evolution/(美) 查尔斯·瓦尔德海姆著/陈崇贤, 夏宇译.-南京:江苏凤凰科学技术出版社,2018
    251页:图;23cm.-(景观设计经典译丛;1)
    
    
    ISBN 978-7-5537-8968-2:CNY69.00
    本书为景观设计领域的研究提供了一本专题论著, 它在一系列广泛的历史、理论以及文化的背景条件下探究景观都市主义产生的驱动力。全书由9章组成, 其主要内容包括: 视景观为都市主义 ; 自主性, 不确定性, 自组织等。
●
相关链接 在E读中查询图书 在五车中查询图书 在当当中查询图书 在豆瓣中查询图书


正题名:景观都市主义     索取号:TU-856/887         预约/预借

序号 登录号 条形码 馆藏地/架位号 状态 备注
1 1196573   211965738   第二样本阅览室/ [索取号:TU-856/887] 在馆    
2 1196574   211965747   第三借阅区/ [索取号:TU-856/887] 在馆    
3 1196575   211965756   第三借阅区/ [索取号:TU-856/887] 在馆    
4 1196576   211965765   第三借阅区/ [索取号:TU-856/887] 在馆    
唐山师范学院图书馆 欢迎您!
大连网信软件有限公司© 版权所有